000 01071cpcaa22002777a 4500
001 mm 80002422
003 DLC
005 20260227111701.0
008 800204|||||||||||| ger
010 _amm 80002422
040 _aDLC
_cDLC
_dDLC
_edacs
072 7 _aL
_2lcmd
100 1 _aZschokke, Heinrich,
_d1771-1848.
245 0 0 _aHeinrich Zschokke correspondence,
_fcirca 1828-1847.
300 _a7
_fitems.
506 0 _aOpen to research.
520 8 _aALsS from Zschokke addressed to Landamann Hans Hitz and other Hitz family members of Washington, D.C., relating chiefly to political affairs in Switzerland.
545 0 _aAuthor.
546 _aCollection material in German.
580 _aForms part of: Miscellaneous Manuscripts collection.
600 1 0 _aHitz, Landamann Hans,
_d1772-1840
_vCorrespondence.
600 3 0 _aHitz family.
651 0 _aSwitzerland
_xPolitics and government
_y1815-
656 7 _aAuthors.
_2itoamc
999 _c42609
_d42609